Štátna bytová politika uprednostňuje výstavbu nájomných bytov

Koncepcia štátnej bytovej politiky do r. 2005 s výhľadom do r. 2010. Úlohy koncepcie bytovej politiky Slovenska. Rozvoj bývania v číslach. Vlastníctvo bytov a hospodárenie s bytmi. Pozemky a technická infraštruktúra.

Guardado en:
Detalles Bibliográficos
Autor principal: Zverková, Daniela
Formato: Capítulo de libro
Lenguaje:eslovaco
Materias:
Etiquetas: Agregar Etiqueta
Sin Etiquetas, Sea el primero en etiquetar este registro!

MARC

LEADER 00000naa a2200000 4500
001 r038693
005 20230921105946.1
041 0 |a slo 
044 |a SK 
245 1 0 |a Štátna bytová politika uprednostňuje výstavbu nájomných bytov  |c Daniela Zverková 
520 |a Koncepcia štátnej bytovej politiky do r. 2005 s výhľadom do r. 2010. Úlohy koncepcie bytovej politiky Slovenska. Rozvoj bývania v číslach. Vlastníctvo bytov a hospodárenie s bytmi. Pozemky a technická infraštruktúra. 
610 2 0 |a politika bytová 
610 2 0 |a štát 
610 2 0 |a výstavba bytová 
610 2 0 |a bývanie 
610 2 0 |a údaje štatistické 
610 2 0 |a vlastníctvo 
610 2 0 |a byty 
610 2 0 |a pozemky 
610 2 0 |a infraštruktúra technická 
610 2 0 |a Slovensko 
610 2 0 |a koncepcie 
610 2 0 |a 2005 
100 1 |a Zverková, Daniela